00170nam a2200073Ia 4500245003600000260003000036300000700066546002300073 aStandard work for the Shopfloor bProduction Pres Incc2002 a85 aENGLISHcInfo.Tech